000 00482nam a22001817a 4500
999 _c8391
_d8392
008 191125b ||||| |||| 00| 0 eng d
020 _a9780135007334
082 _a658.15 BRA
100 _aBraun, Karen Wilken
245 _aManagerial accounting
250 _aCanadian edition.
260 _aUSA ;
_bPearson Education,
_c2012.
300 _axxvi, 766 p.
_bill.
_c26 cm.
700 _aWendy M. Tietz.
700 _aWalter T. Harrison.
700 _aRhonda, Pyper
942 _2ddc